000 00534nam a2200169Ia 4500
003 OSt
005 20200122124320.0
008 190216s9999||||xx |||||||||||||| ||und||
020 _a0074622390
040 _coclc
082 _a005.74
_bMAJ/D
100 _aMajumdar, Arun K
_91414
245 0 _aDatabase Management Systems /
_cArun K Majumdar ; Pritimoy Bhattachryya
260 _bTata Mcgraw Hill Publishing Company Ltd,
_c2003.
_aNew Delhi:
300 _a475p
942 _cBK
_2ddc
_h005.74
_iMAJ/D
_k005.74
_mMAJ/D
999 _c6241
_d6241